| 000 | 00526nam a2200169Ia 4500 | ||
|---|---|---|---|
| 008 | 231217s9999 xx 000 0 und d | ||
| 020 | _a8180141195 | ||
| 041 | _aEnglish | ||
| 082 | _a629.23 SIN.1;16 R | ||
| 100 | _aSingh, Kirpal. | ||
| 245 | 0 | _aAutomobile engineering V.1 : automobile chasis and body excluding engine plus miscellaneous topics | |
| 250 | _a12th ed. | ||
| 260 |
_c2009 _bStandard, _aNew Delhi |
||
| 300 | _axi, 668 | ||
| 650 | _aAutomobile,V.1,automobile,chasis,body,excluding,engine | ||
| 942 | _cAA | ||
| 999 |
_c187419 _d187419 |
||